Software testing / (Record no. 717)

MARC details
000 -LEADER
fixed length control field 00661nac a22001931u 4500
010 ## - LIBRARY OF CONGRESS CONTROL NUMBER
LC control number 2005927095
020 ## - INTERNATIONAL STANDARD BOOK NUMBER
International Standard Book Number 0672327988 (pbk.)
082 00 - DEWEY DECIMAL CLASSIFICATION NUMBER
Classification number 005.14
Item number P3221
090 ## - LOCALLY ASSIGNED LC-TYPE CALL NUMBER (OCLC); LOCAL CALL NUMBER (OCLC)
-- 717
-- 717
100 ## - MAIN ENTRY--PERSONAL NAME
Personal name Patton, Ron.
245 10 - TITLE STATEMENT
Title Software testing /
Statement of responsibility, etc Ron Patton.
250 ## - EDITION STATEMENT
Edition statement 2nd ed.
260 ## - PUBLICATION, DISTRIBUTION, ETC. (IMPRINT)
Place of publication, distribution, etc Indianapolis, IN :
Name of publisher, distributor, etc Sams Pub.,2006
Date of publication, distribution, etc 2006.
300 ## - PHYSICAL DESCRIPTION
Extent xiv, 389 p. :
Other physical details ill. ;
Dimensions 24 cm.
500 ## - GENERAL NOTE
General note Includes index.
650 #0 - SUBJECT ADDED ENTRY--TOPICAL TERM
Topical term or geographic name as entry element Computer software
General subdivision Testing.
942 ## - ADDED ENTRY ELEMENTS (KOHA)
Item type Book - Borrowing
Call number prefix 005.14P3221
Holdings
Withdrawn status Item status Source of classification or shelving scheme Damaged status Not for loan Vendor Home library Current library Shelving location Date acquired Source of acquisition Cost, normal purchase price Total Checkouts Total Renewals Full call number Barcode Date last seen Date last borrowed Cost, replacement price Koha item type
    Dewey Decimal Classification       Central Library Central Library Lower Floor 25/07/2006   320.00 7 17 005.14 PAT 000003883 15/07/2025 17/03/2019 400.00 Book - Borrowing